Slovenské povstanie roku 1848-49 dejiny a dokumenty
Salvato in:
| Natura: | Libro |
|---|---|
| Lingua: | slovacco |
| Pubblicazione: |
Turčiansky Svätý Martin
Matica slovenská
1950
|
| Tags: |
Nessun Tag, puoi essere il primo ad aggiungerne!!
|
MARC
| LEADER | 00000nam a2200000 4500 | ||
|---|---|---|---|
| 001 | 0314900 | ||
| 005 | 20260211111028.5 | ||
| 041 | 0 | |a slo | |
| 044 | |a SK | ||
| 245 | 1 | 0 | |a Slovenské povstanie roku 1848-49 |b dejiny a dokumenty |c Daniel Rapant |
| 264 | 1 | |a Turčiansky Svätý Martin |b Matica slovenská |c 1950 | |